| 000 | 00439nam a22001577a 4500 | ||
|---|---|---|---|
| 005 | 20231206124806.0 | ||
| 008 | 231206b |||||||| |||| 00| 0 eng d | ||
| 082 |
_a615 _bBEH |
||
| 100 | _aBehrens, Barbara.J | ||
| 245 |
_aPhysical Agents _bLaboratory Manual, Theory and Practice |
||
| 250 | _a2nd ed. | ||
| 260 |
_aPhiladelphia _bF.A.Davis Company _c2006 |
||
| 300 | _a225 | ||
| 650 | _aApplied Sciences/Medicine and Health | ||
| 999 |
_c34803 _d34803 |
||